| 000 | 00606nam a2200241Ia 4500 | ||
|---|---|---|---|
| 003 | OSt | ||
| 005 | 20221007072808.0 | ||
| 006 | a|||||r|||| 00| 0 | ||
| 007 | ta | ||
| 008 | 221006b |||||||| |||| 00| 0 eng d | ||
| 024 | _a19,096 | ||
| 037 | _cTextual | ||
| 040 |
_aFLL _cFLL _beng |
||
| 041 |
_2eng _aeng |
||
| 082 | _aZ:47, K7 | ||
| 100 |
_aMcewen R.L. Au. _9691371 |
||
| 245 | 0 | _aLibel and slander | |
| 250 | _a6th | ||
| 260 |
_aLondon _bSweet and maxwell England _c1967 |
||
| 300 |
_a768p _ccm. |
||
| 942 |
_hZ:47, K7 _cTEXL _2CC |
||
| 999 |
_c1146986 _d1146986 |
||